Yo_ ellos / (Record no. 21268)

MARC details
000 -LEADER
campo de control de longitud fija 00719nam a2200217 i 4500
001 - NÚMERO DE CONTROL
campo de control 21268
003 - IDENTIFICADOR DE NÚMERO DE CONTROL
campo de control ES-MaACL
005 - FECHA Y HORA DE LA ÚLTIMA TRANSACCIÓN
campo de control 20230906152440.0
007 - CAMPO FIJO DE DESCRIPCIÓN FÍSICA--INFORMACIÓN GENERAL
campo de control de longitud fija t|
008 - DATOS DE LONGITUD FIJA--INFORMACIÓN GENERAL
campo de control de longitud fija 021122s1972 sp ||||1| spa d
100 1# - ENTRADA PRINCIPAL--NOMBRE DE PERSONA
Nombre de persona Adamov, Arthur.
9 (RLIN) 18377
245 10 - MENCIÓN DEL TÍTULO
Título Yo_ ellos /
Mención de responsabilidad, etc. Arthur Adamov ; [traducción, Luis Vadillo].
260 ## - PUBLICACIÓN, DISTRIBUCIÓN, ETC.
Lugar de publicación, distribución, etc. Madrid :
Nombre del editor, distribuidor, etc. Cuadernos para el Diálogo,
Fecha de publicación, distribución, etc. 1972.
300 ## - DESCRIPCIÓN FÍSICA
Extensión 222 p. ;
Dimensiones 19 cm.
490 1# - MENCIÓN DE SERIE
Mención de serie Ediciones de bolsillo ;
Designación de volumen o secuencia 196. Literatura-ensayo-memorias ;
-- 2
700 1# - ENTRADA AGREGADA--NOMBRE PERSONAL
Nombre de persona Vadillo, Luis.
9 (RLIN) 112388
710 2# - ENTRADA AGREGADA--NOMBRE DE ENTIDAD CORPORATIVA
Nombre de entidad corporativa o nombre de jurisdicción como elemento de entrada Cuadernos para el Diálogo.
9 (RLIN) 3333
830 1# - PUNTO DE ACCESO ADICIONAL DE SERIE-TÍTULO UNIFORME
Título uniforme Ediciones de bolsillo ;
Designación de volumen o secuencia 196. Literatura-ensayo-memorias ;
-- 2
9 (RLIN) 180756
852 ## - LOCALIZACIÓN
Ubicación ES-MaACL
Número de control de estantería C-43620
Holdings
Estatus retirado Estado de pérdida Estado de daño No para préstamo Biblioteca de origen Biblioteca actual Ubicación en estantería Fecha de adquisición Fuente de adquisición Total de préstamos Signatura topográfica completa Código de barras Visto por última vez Precio de reemplazo Tipo de ítem Koha
        Biblioteca del Ateneo de Madrid Biblioteca del Ateneo de Madrid Depósito 2 17/01/2008     C-43620 1021849 23/02/2023 23/02/2023 Libro impreso